000 00589nam a2200193Ia 4500
003 GCL
008 140319s9999 xx 000 0 ara d
040 _aGCL /
_cGCL
082 0 4 _a811.008
_bا م
100 1 _aعلى الخاقان
245 1 0 _aشعراء بغداد: من تأسيسها حتى اليوم /
_cعلى الخاقان
260 _a[S.N] :
_bمطبعة اسعد ،
_c1962
490 _aتراثنا - المكتبة الاسلامية
_v0
650 0 4 _aتاريخ
650 0 4 _aالادباء
650 0 4 _aالشعراء
650 0 4 _aبغداد
942 _2ddc
_cREF
999 _c59346
_d59346